000 00497pam a2200193 a 4500
020 _c90.00 (PB)
041 _aeng
_hNULL
082 _a614
_bRAT/PAT
100 _aPATEL , K .
245 _aCLINICS IN INTERNAL MEDICINE /
_cNULL.
_hTextual Documents
260 _aNULL :
_bK.C. PATEL ,
_c1997.
300 _a151 :
_bXViii ;
_cA4 .
365 _a90.00
_e4
700 _aRATHOD, N .
907 _a1339
_a1340
_a1341
_a1342
930 _a278
999 _c794814
_d794814
650 _aGEN.MEDICINE